Win over depression : (Record no. 3295)
[ view plain ]
| 000 -LEADER | |
|---|---|
| fixed length control field | 00566nam a22001937a 4500 |
| 003 - CONTROL NUMBER IDENTIFIER | |
| control field | OSt |
| 005 - DATE AND TIME OF LATEST TRANSACTION | |
| control field | 20140310181752.0 |
| 008 - FIXED-LENGTH DATA ELEMENTS--GENERAL INFORMATION | |
| fixed length control field | 130628t xxu||||| |||| 00| 0 eng d |
| 020 ## - INTERNATIONAL STANDARD BOOK NUMBER | |
| International Standard Book Number | 9719208422 |
| 050 ## - LIBRARY OF CONGRESS CALL NUMBER | |
| Classification number | RC 537 |
| Item number | .Se454 1998 |
| 082 ## - DEWEY DECIMAL CLASSIFICATION NUMBER | |
| Classification number | FIL 616.852721 |
| Item number | Se3 1998 |
| 100 ## - MAIN ENTRY--PERSONAL NAME | |
| Personal name | Segovia, Emerita |
| 245 ## - TITLE STATEMENT | |
| Title | Win over depression : |
| Remainder of title | bounce back into positive action / |
| Statement of responsibility, etc | Emerita Segovia. |
| 260 ## - PUBLICATION, DISTRIBUTION, ETC. (IMPRINT) | |
| Place of publication, distribution, etc | Quezon City, Philippines: |
| Name of publisher, distributor, etc | Mushroom Publication |
| Date of publication, distribution, etc | 1998. |
| 300 ## - PHYSICAL DESCRIPTION | |
| Extent | 62 p. : |
| Other physical details | ill. ; |
| Dimensions | 22 cm. |
| 650 ## - SUBJECT ADDED ENTRY--TOPICAL TERM | |
| Topical term or geographic name as entry element | Depression |
| 942 ## - ADDED ENTRY ELEMENTS (KOHA) | |
| Source of classification or shelving scheme | Library of Congress Classification |
| Koha item type | Books |
| Withdrawn status | Lost status | Source of classification or shelving scheme | Damaged status | Home library | Current library | Shelving location | Date acquired | Total Checkouts | Full call number | Barcode | Date last seen | Price effective from | Koha item type | Copy number |
|---|---|---|---|---|---|---|---|---|---|---|---|---|---|---|
| Library of Congress Classification | Luxembourg Library | Luxembourg Library | Filipiniana Section | 06/28/2013 | RC 537 .Se454 1998 | 11420 | 08/13/2013 | 06/28/2013 | Books | |||||
| Library of Congress Classification | Luxembourg Library | Luxembourg Library | Filipiniana Section | 06/28/2013 | RC 537 .Se454 1998 | 11419 | 08/13/2013 | 06/28/2013 | Books | 2 |